Κατάλογος Βιβλιοθηκών Mediterranean College

Post-Revolutionary Society (Record no. 5630)

MARC details
000 -LEADER
fixed length control field 01151cam a22002054a 4500
005 - ΗΜΕΡΟΜΗΝΙΑ ΚΑΙ ΩΡΑ ΤΕΛΕΥΤΑΙΑΣ ΕΝΗΜΕΡΩΣΗΣ
Πεδίο ελέγχου 20250605164218.0
008 - FIXED-LENGTH DATA ELEMENTS--GENERAL INFORMATION
Πεδίο ελέγχου σταθερού μήκους 250528s ||||||||||||||||||||||||d
035 ## - SYSTEM CONTROL NUMBER
System control number 20531
020 ## - ISBN
ISBN 853455503
040 ## - ΠΗΓΗ ΚΑΤΑΛΟΓΟΓΡΑΦΗΣΗΣ
Φορέας πρωτότυπης καταλογογράφησης MC Athens Campus Library
Γλώσσα καταλογογράφησης Ελληνικά, Μοντέρνα (1453-)
Modifying agency MC Athens Campus Library
Κανόνες περιγραφικής καταλογογράφησης AACR2
245 1# - ΤΙΤΛΟΣ ΚΑΙ ΔΗΛΩΣΗ ΥΠΕΥΘΥΝΟΤΗΤΑΣ
Τίτλος Post-Revolutionary Society
260 ## - PUBLICATION, DISTRIBUTION, ETC.
Name of publisher, distributor, etc. Monthly Review Press,
Date of publication, distribution, etc. 1980
300 ## - PHYSICAL DESCRIPTION
Extent 160
505 0# - FORMATTED CONTENTS NOTE
Formatted contents note Preface, Introduction, Lessons of the Soviet Experience, Lessons of Poland, Transition to Socialism, The Nature of Soviet Sciety, Theory and Practice in the Mao Period, Charles Bettleheim on Revolution from Above: The USSR in the 1920s, Is There a Rulling Class in the USSR?, A Cricis in Marxian Theory, Post-Revolutionary Society, Notes.
520 ## - SUMMARY, ETC.
Summary, etc. Preface, Introduction, Lessons of the Soviet Experience, Lessons of Poland, Transition to Socialism, The Nature of Soviet Sciety, Theory and Practice in the Mao Period, Charles Bettleheim on Revolution from Above: The USSR in the 1920s, Is There a Rulling Class in the USSR?, A Cricis in Marxian Theory, Post-Revolutionary Society, Notes.
700 1# - ΠΡΟΣΘΕΤΗ ΑΝΑΓΡΑΦΗ--ΦΥΣΙΚΟ ΠΡΟΣΩΠΟ
Personal name Sweezey Paul M
9 (RLIN) 2607
942 ## - ADDED ENTRY ELEMENTS (KOHA)
Koha item type Books
Holdings
Τύπος τεκμηρίου Βιβλιοθήκη Τρέχουσα τοποθεσία Barcode Αριθμός εισαγωγής Ημερομηνία απόκτησης Ταξιθετικό σύμβολο Αριθμός αντιτύπου Κατάσταση απόσυρσης Κατάσταση χαμένου Κατάσταση κατεστραμμένου Μη δανεισμός Σύνολο δανεισμών Ημερομηνία τελευταίας εμφάνισης Η τιμή ισχύει από
Books MC Athens Campus Library MC Athens Campus Library 9780000056290 7009 05/06/2025 947.084 SWE 1           05/06/2025 05/06/2025

MC Athens Campus Library
Πατησίων 94 & Κοδριγκτώνος 13, 104 34
Πελλήνης 8 & Πατησίων 107, 112 51
Τ: +30 210 8899600

MC Thessaloniki Campus Library
Ίωνος Δραγούμη 21, 54625 | Ίωνος Δραγούμη 15, 54625
Τ: +30 2310 287779 – Τ: +30 2314 440300